Online
Catalog

Historia de la revolución nicaragüense / (Record no. 43092)

MARC details
000 -CABECERA
campo de control de longitud fija 00730nam a2200193 a 4500
001 - NÚMERO DE CONTROL
campo de control 000043603
005 - FECHA Y HORA DE LA ÚLTIMA TRANSACCIÓN
campo de control 20250206101004.0
008 - DATOS DE LONGITUD FIJA--INFORMACIÓN GENERAL
campo de control de longitud fija 140327s1995 dr abc 000 0 spa d
040 ## - FUENTE DE LA CATALOGACIÓN
Centro catalogador/agencia de origen DO-SdBNP
Lengua de catalogación spa
Centro/agencia transcriptor BNPHU
082 ## - NÚMERO DE LA CLASIFICACIÓN DECIMAL DEWEY
Número de clasificación xxx
Número de documento/Ítem D611h, 1995
100 1# - ENTRADA PRINCIPAL--NOMBRE DE PERSONA
Nombre de persona Disla, Edwin,
Fechas asociadas al nombre 1961-
9 (RLIN) 28921
245 10 - MENCIÓN DE TÍTULO
Título Historia de la revolución nicaragüense /
Mención de responsabilidad, etc. Edwin Disla ; prólogo Rafael Taveras.
250 ## - MENCIÓN DE EDICIÓN
Mención de edición 2a ed.
260 ## - PUBLICACIÓN, DISTRIBUCIÓN, ETC.
Lugar de publicación, distribución, etc. Santo Domingo :
Nombre del editor, distribuidor, etc. Impresora Grafito,
Fecha de publicación, distribución, etc. 1995.
300 ## - DESCRIPCIÓN FÍSICA
Extensión xiv, 226 p. :
Otras características físicas il. retrs., mapas ;
Dimensiones 20 cm.
500 ## - NOTA GENERAL
Nota general Incluye referencias bibliográficas y notas al pie de las páginas
500 ## - NOTA GENERAL
Nota general Incluye datos biográficos del autor en la solapa de la contracubierta
700 12 - PUNTO DE ACCESO ADICIONAL--NOMBRE DE PERSONA
Nombre de persona Taveras, Rafael
Término indicativo de función/relación pról.
9 (RLIN) 73924
Holdings
Estado de retiro Estado de pérdida No para préstamo Código de colección Localización permanente Ubicación/localización actual Ubicación en estantería Fecha de adquisición Número de inventario Total de préstamos Signatura topográfica completa Código de barras Fecha visto por última vez Precio válido a partir de Tipo de ítem Koha
    Excluido de préstamo Patrimonio Dominicano Patrimonio Dominicano Patrimonio Dominicano En catalogación 27.03.2014 LF1   xxx D611h, 1995 43603-10 25.06.2020 25.06.2020 Libro y Folleto Colección Patrimonio Dominicano

Powered by Koha